000 01095nam0a22002891 4500
001 v19\rc\1616016
005 20061002120052.7
035 _a(NLR Aleph) 004734589
090 _a4464623
_c4464623
100 _a20061002d1917 |||y0rusy50 ca
101 0 _arus
102 _aRU
105 _aa z |||||
200 1 _aРусский букварь для обучения письму и чтению, русскому и церковнославянскому
_fВ.П. Вахтеров
205 _a115-е изд., (стереот.)
210 _aМосква
_cт-во И.Д. Сытина
_d1917
215 _a64 с., 1 отд. л. табл.
_cил.
_d27
327 0 _aНа обл. вступ. статья: Для г.г. учащих
464 0 _12001#$aДля господ учащих$eВступ. ст.
700 1 _aВахтеров
_bВ. П.
_f1853-1924
_gВасилий Порфирьевич
801 0 _aRU
_bNLR
_gpsbo
801 0 _aRU
_bRuMoRGB
_2psbo
801 1 _aRU
_bProSoft-M
_2rusmarc
852 _aNLR
_j34.104.1.148
899 _aRuMoRGB
_jM 141/75
942 _cBOOK
980 _aNB